| 000 | 01022cam a2200313 i 4500 | ||
|---|---|---|---|
| 999 |
_c5478 _d5478 |
||
| 001 | 020229007 | ||
| 003 | Uk | ||
| 005 | 20250923134347.0 | ||
| 008 | 210618s2020 enk 000 d eng c | ||
| 020 |
_a9781999654399 _qpaperback |
||
| 040 |
_aUk _beng _cUk _dWlAbNL _dKH8 _erda |
||
| 041 | 1 |
_aeng _hspa |
|
| 042 | _aukscp | ||
| 082 | _a822 LOR | ||
| 100 | 1 |
_aGarcía Lorca, Federico, _d1898-1936, _eauthor. |
|
| 245 | 1 | 0 |
_aYerma / _cby Federico García Lorca ; Translated by Kathryn Phillips-Miles & Simon Deefholts. |
| 264 | 1 |
_aLondon : _bThe Clapton Press, _c2020. |
|
| 300 |
_a95 pages ; _c22 cm |
||
| 336 |
_atext _btxt _2rdacontent |
||
| 337 |
_aunmediated _bn _2rdamedia |
||
| 338 |
_avolume _bnc _2rdacarrier |
||
| 500 | _aOriginal Spanish first published 1934. | ||
| 650 | 0 |
_aWomen peasants _xSocial conditions _vDrama. |
|
| 650 | 0 |
_aChildlessness _vDrama. |
|
| 650 | 0 |
_aMariticide _vDrama. |
|
| 700 | 1 |
_aPhillips-Miles, Kathryn, _etranslator. |
|
| 700 | 1 |
_aDeefholts, Simon Murray, _etranslator. |
|
| 942 |
_2ddc _cTR |
||